|
|
|
|
| LEADER |
00000nab a2200000 a 4500 |
| 001 |
vtls001495714 |
| 003 |
SK-MaSNL |
| 005 |
20260304150552.0 |
| 008 |
250505c2002 xo g 0 slo |
| 015 |
|
|
|a SNBCL2005/2
|
| 035 |
|
|
|a (uuid)e8c4d4c4-d0e2-4b6b-aa8b-1e84ae5e89eb
|
| 035 |
|
|
|a urn:nbn:sk:snk-abuem
|
| 035 |
|
|
|a (urnnbn)urn:nbn:sk:snk:ar-a049be
|
| 040 |
|
|
|a SNKBUCL
|b slo
|c SNKBUCL
|e AACR2
|
| 041 |
1 |
|
|a slo
|h slo
|
| 044 |
|
|
|a xo
|c SK
|
| 080 |
|
|
|a 614.2(088.2):33
|2 1981
|
| 245 |
0 |
0 |
|a Pokus o stanovenie nákladov na akreditáciu kliniky biochémie
|c Gustáv Kováč ... [et al.]
|
| 504 |
|
|
|a Res. slov.
|
| 504 |
|
|
|a Bibliogr. odkazy
|
| 610 |
0 |
7 |
|a Fakultná nemocnica s poliklinikou akad. L. Dérera
|a Bratislava, Slovensko
|2 SNKBUCL
|9 1457959
|
| 650 |
0 |
7 |
|a oddelenia nemocnice
|x normy a štandardy
|2 MESH
|9 1471321
|
| 650 |
0 |
7 |
|a techniky klinické laboratórne
|2 MESH
|9 875265
|
| 650 |
0 |
7 |
|a akreditácia
|x metódy
|2 MESH
|9 1471322
|
| 650 |
0 |
7 |
|a náklady a analýza nákladov
|x klasifikácia
|2 MESH
|9 1074766
|
| 700 |
1 |
|
|a Kováč, Gustáv,
|d 1947-
|4 aut
|9 197579
|
| 700 |
1 |
|
|a Špaček, Luboš
|4 aut
|9 1117783
|
| 700 |
1 |
|
|a Perečková, Jana
|4 aut
|9 792904
|
| 700 |
1 |
|
|a Gelieňová, Ľubica
|4 aut
|9 987216
|
| 700 |
1 |
|
|a Mosendzová, Beáta
|4 aut
|9 1122842
|
| 700 |
1 |
|
|a Schmidtová, Katarína,
|d 1943-
|4 aut
|9 230999
|
| 700 |
1 |
|
|a Halinárová, Irena
|4 aut
|9 1471323
|
| 700 |
1 |
|
|a Krčmáriková, Jana,
|d 1974-
|4 aut
|9 10097
|
| 700 |
1 |
|
|a Porubenová, Anna,
|d 1952-
|4 aut
|9 201492
|
| 773 |
0 |
|
|t Laboratórna diagnostika
|g Roč. 7, č. 2-3 (2002), s. 59-62
|x 1335-2644
|
| 850 |
|
|
|a Slovenská národná knižnica
|
| 852 |
|
|
|a Slovenská národná knižnica
|
| 954 |
|
|
|a odborná, vedecká literatúra pôvodná (slovenská)
|2 lita
|
| 958 |
|
|
|a article27
|
| 958 |
|
|
|a OND
|
| 958 |
|
|
|a EUIPO
|
| 999 |
|
|
|c 2938770
|d 2940700
|